Normal view
MARC view
- اللياقة البدنية المحافظة على الوزن، 1981
Entry Topical Term
001 - CONTROL NUMBER
- control field: 18739
003 - CONTROL NUMBER IDENTIFIER
- control field: JO-AjAnu
005 - DATE AND TIME OF LATEST TRANSACTION
- control field: 20230606073303.0
008 - FIXED-LENGTH DATA ELEMENTS
- fixed length control field: 230606|| aca||aabn | a|a d
040 ## - CATALOGING SOURCE
- Original cataloging agency: JO-AjAnu
- Transcribing agency: JO-AjAnu
150 ## - HEADING--TOPICAL TERM
- Topical term or geographic name entry element: اللياقة البدنية المحافظة على الوزن، 1981
670 ## - SOURCE DATA FOUND
- Source citation: Work cat.: (JO-AjAnu)9618: تاليف السويفي، أحمد مصطفى، م.مشارك راتب، أسامة كامل, author 18738, الطريق الى لياقتك البدنية والمحافظة على وزنك